| 000 | 01304cam a2200205 4500 | ||
|---|---|---|---|
| 001 | ##J1184 | ||
| 008 | 970403 1961 v | ||
| 035 | _a(Sirsi) u42226 | ||
| 041 | 0 | _aeng | |
| 050 | 0 | 4 | _a711.14 $2 18 |
| 245 | 0 | 0 | _aStokes v Cambridge Corporation |
| 260 | _c1961 | ||
| 510 | 4 |
_a[1962] 13 P&CR 77-92(16) _a[1961] 180 EG 839-844(4) |
|
| 520 | _aLT/148/1960, 30 November 1961. Concerns a compulsory purchase order of land zoned for industry, with an important issue of access. S claimed compensation from C after the local authority had valued the land at an unduly low level. "Held": S had been led into selling the land at an unduly low figure. C owned the access land, but it would be a mistake of law to pay regard to this. However, the position had to be considered through the eyes of a prospective purchaser, including the fact that C also owned other land which would probably be re-zoned as industrial. The price of access land should be one-third of the increase in value of the land acquired. Compensation and S's costs payable by C. | ||
| 650 | 2 | 4 | _aSTOKES V CAMBRIDGE CORPORATION |
| 651 | 4 |
_aEngland and Wales _y1543- |
|
| 690 | _aENVIRONMENTAL AND LAND CONSULTANCY-PLANNING AND DEVELOPMENT-COMPULSORY PURCHASE AND COMPENSATION | ||
| 942 | _n0 | ||
| 948 | _c04/03/1997 | ||
| 999 |
_c91041 _d91041 |
||